Statystyki dla Wyspy według zdjęcia

Kliknij tutaj aby rozwiązać quiz!

Ogólne statystyki

  • Ten quiz został rozwiązany 38 razy
    (13 od ostatniego zresetowania)
  • Średni wynik to 9 z 18

Statystyki odpowiedzi

Odpowiedź% Poprawnych
Jamajka
100%
Kuba
91%
Honsiu
82%
Tasmania
73%
Wielka Brytania
73%
Madagaskar
64%
Singapur
64%
Wielkanocna
64%
Alcatraz
45%
Manhattan
45%
Tajwan
45%
Irlandia
36%
Hawaii
27%
Nowa Gwinea
27%
Sokotra
27%
Hong Kong
18%
Bali
9%
Hispaniola
9%

Rozkład punktacji

Percentyl według liczby udzielonych odpowiedzi

Procent ludzi z każdym wynikiem

Twoja historia wyników

Nie rozwiązałeś tego quizu od ostatniego zresetowania